000 00719nam a2200289Ia 4500
005 20260324125020.0
008 008 260324s9999 xx 000 0 eng d
020 _a9780429484407
037 _aEBOOK
040 _aCRL
040 _beng
040 _cCRL
041 _2eng
041 _aeng
084 _qCRL
100 _aSalman Akhtar
245 0 _aTurning Points in Dynamic Psychotherapy
245 0 _bInitial Assessment, Boundaries, Money, Disruptions and Suicidal Crises
260 _bTaylor and Francis
260 _c2009
365 _a
365 _b205
856 _uhttp://www.taylorfrancis.com/books/9780429484407
942 _cEBOOK
999 _c1771258
_d1771258